Knowledge management in theory and practice / (Record no. 17709)
[ view plain ]
| 000 -LEADER | |
|---|---|
| fixed length control field | 01341nam a22003375i 4500 |
| 001 - CONTROL NUMBER | |
| control field | 015690248 |
| 003 - CONTROL NUMBER IDENTIFIER | |
| control field | EG-ScBUE |
| 005 - DATE AND TIME OF LATEST TRANSACTION | |
| control field | 20191218111440.0 |
| 008 - FIXED-LENGTH DATA ELEMENTS--GENERAL INFORMATION | |
| fixed length control field | 100624t20112011maua f bd 001 0 eng d |
| 020 ## - INTERNATIONAL STANDARD BOOK NUMBER | |
| International Standard Book Number | 9780262015080 (cased) |
| 020 ## - INTERNATIONAL STANDARD BOOK NUMBER | |
| International Standard Book Number | 0262015080 (cased) |
| 040 ## - CATALOGING SOURCE | |
| Original cataloging agency | EG-ScBUE |
| Language of cataloging | eng |
| Description conventions | rda |
| Transcribing agency | EG-ScBUE |
| Modifying agency | EG-ScBUE |
| 082 04 - DEWEY DECIMAL CLASSIFICATION NUMBER | |
| Classification number | 658.4038 |
| Item number | DAL |
| Edition number | 22 |
| 100 1# - MAIN ENTRY--PERSONAL NAME | |
| Personal name | Dalkir, Kimiz, |
| Relator term | author. |
| 9 (RLIN) | 34296 |
| 245 10 - TITLE STATEMENT | |
| Title | Knowledge management in theory and practice / |
| Statement of responsibility, etc | Kimiz Dalkir ; foreword by Jay Liebowitz. |
| 250 ## - EDITION STATEMENT | |
| Edition statement | Second edition |
| 264 #1 - PUBLICATION, DISTRIBUTION, ETC. (IMPRINT) | |
| Place of publication, distribution, etc | Cambridge, Massachusetts ; |
| -- | London, England : |
| Name of publisher, distributor, etc | The Massachusetts Institute of Technology Press (MIT Press), |
| Date of publication, distribution, etc | [2011] |
| 264 #4 - PUBLICATION, DISTRIBUTION, ETC. (IMPRINT) | |
| Date of publication, distribution, etc | c2011 |
| 300 ## - PHYSICAL DESCRIPTION | |
| Extent | xv, 485 p. : |
| Other physical details | illustrations ; |
| Dimensions | 24 cm |
| 336 ## - CONTENT TYPE | |
| Content type term | text |
| Content type code | txt |
| Source | rdacontent |
| 337 ## - MEDIA TYPE | |
| Media type term | unmediated |
| Media type code | n |
| Source | rdamedia |
| 338 ## - CARRIER TYPE | |
| Carrier type term | volume |
| Carrier type code | nc |
| Source | rdacarrier |
| 500 ## - GENERAL NOTE | |
| General note | Includes glossary. |
| 504 ## - BIBLIOGRAPHY, ETC. NOTE | |
| Bibliography, etc | Includes bibliographical references and index. |
| 520 ## - SUMMARY, ETC. | |
| Summary, etc | A comprehensive text and reference provides both substantive theoretical grounding and pragmatic advice on applying key concepts.<br/> |
| 650 #7 - SUBJECT ADDED ENTRY--TOPICAL TERM | |
| Topical term or geographic name as entry element | Knowledge management. |
| Source of heading or term | BUEsh |
| 9 (RLIN) | 12057 |
| 651 ## - SUBJECT ADDED ENTRY--GEOGRAPHIC NAME | |
| Source of heading or term | BUEsh |
| 653 ## - INDEX TERM--UNCONTROLLED | |
| Resource For college | BAEPS, Business Administration |
| Arrived date list | October2013 |
| -- | February2014 |
| -- | September2015 |
| -- | October2015 |
| 700 1# - ADDED ENTRY--PERSONAL NAME | |
| Personal name | Liebowitz, Jay, |
| Relator term | author of introduction, etc. |
| 9 (RLIN) | 35089 |
| 942 ## - ADDED ENTRY ELEMENTS (KOHA) | |
| Source of classification or shelving scheme | Dewey Decimal Classification |
| Koha item type | Book - Borrowing |
| Withdrawn status | Lost status | Source of classification or shelving scheme | Damaged status | Not for loan | Collection code | Home library | Current library | Shelving location | Date acquired | Source of acquisition | Total Checkouts | Total Renewals | Full call number | Barcode | Date last seen | Date checked out | Price effective from | Koha item type | Checked out |
|---|---|---|---|---|---|---|---|---|---|---|---|---|---|---|---|---|---|---|---|
| Dewey Decimal Classification | Baccah | Central Library | Central Library | First floor | 30/10/2013 | 11 | 68 | 658.4038 DAL | 000029512 | 15/07/2025 | 03/10/2019 | 30/10/2013 | Book - Borrowing | ||||||
| Lost & Replaced | Dewey Decimal Classification | Baccah | Central Library | Central Library | First floor | 30/10/2013 | Purchase | 3 | 24 | 658.4038 DAL | 000029513 | 17/11/2019 | 08/12/2014 | 30/10/2013 | Book - Borrowing | ||||
| Dewey Decimal Classification | Baccah | Central Library | Central Library | First floor | 30/10/2013 | 8 | 33 | 658.4038 DAL | 000029514 | 15/07/2025 | 07/10/2019 | 30/10/2013 | Book - Borrowing | ||||||
| Dewey Decimal Classification | Baccah | Central Library | Central Library | First floor | 05/02/2014 | 9 | 18 | 658.4038 DAL | 000035591 | 15/07/2025 | 08/11/2021 | 05/02/2014 | Book - Borrowing | ||||||
| Dewey Decimal Classification | Baccah | Central Library | Central Library | First floor | 30/09/2015 | Purchase | 658.4038 DAL | 000030986 | 15/07/2025 | 30/09/2015 | NB - Book (Non borrowing) | ||||||||
| Dewey Decimal Classification | Baccah | Central Library | Central Library | First floor | 30/09/2015 | Purchase | 6 | 15 | 658.4038 DAL | 000030987 | 10/10/2019 | 10/10/2019 | 30/09/2015 | Book - Borrowing | 14/04/2020 | ||||
| Dewey Decimal Classification | Baccah | Central Library | Central Library | First floor | 30/09/2015 | Purchase | 10 | 35 | 658.4038 DAL | 000030988 | 15/07/2025 | 16/12/2019 | 30/09/2015 | Book - Borrowing | |||||
| Dewey Decimal Classification | Baccah | Central Library | Central Library | First floor | 30/09/2015 | Purchase | 10 | 23 | 658.4038 DAL | 000030989 | 15/07/2025 | 03/10/2019 | 30/09/2015 | Book - Borrowing | |||||
| Dewey Decimal Classification | Central Library | Central Library | First floor | 26/10/2015 | Purchase | 9 | 8 | 658.4038 DAL | 000031181 | 15/07/2025 | 09/12/2019 | 26/10/2015 | Book - Borrowing | ||||||
| Dewey Decimal Classification | Baccah | Central Library | Central Library | First floor | 26/10/2015 | Purchase | 4 | 17 | 658.4038 DAL | 000031182 | 15/07/2025 | 15/01/2017 | 26/10/2015 | Book - Borrowing | |||||
| Dewey Decimal Classification | unknown | Central Library | Central Library | First floor | 18/12/2019 | Purchase | 658.4038 DAL | 000046734 | 15/07/2025 | 18/12/2019 | Book - Borrowing |